[Event "Adelboden Seniors op 4th"]
[Site "Adelboden"]
[Date "2006.06.21"]
[Round "3"]
[White "Denzinger, Karl"]
[Black "Eggmann, Karl"]
[Result "1-0"]
[WhiteElo "1803"]
[BlackElo "1868"]
[PlyCount "133"]
[EventDate "2006.06.19"]
[EventType "swiss"]
[EventRounds "9"]
[EventCountry "SUI"]
[SourceTitle "EXT 2007"]
[Source "ChessBase"]
[SourceDate "2006.11.23"]
[SourceVersion "1"]
[SourceVersionDate "2006.11.23"]
[SourceQuality "1"]

1. e4 e6 2. d4 d5 3. Nc3 Nf6 4. Bg5 dxe4 5. Nxe4 Be7 6. Bxf6 Bxf6 7. Nf3 Nc6 8. Bb5 Bd7 9. Nxf6+ Qxf6 10. 0-0 0-0 11. c3 Rad8 12. Qe2 Rfe8 13. Rfe1 Ne7 14. Ne5 c6 15. Bd3 Nd5 16. Qh5 g6 17. Qh6 Qg7 18. Qh4 g5 19. Qg3 Nf4 20. Bc2 Bc8 21. Rad1 f6 22. Nd3 Nxd3 23. Rxd3 e5 24. Rde3 Kf8 25. dxe5 fxe5 26. Rxe5 h6 27. Qf3+ Qf7 28. Rxe8+ Rxe8 29. Rxe8+ Kxe8 30. Qxf7+ Kxf7 31. Bb3+ Kf6 32. a4 a5 33. Bc4 c5 34. Bd5 Ke5 35. Bb3 b6 36. f3 Ba6 37. Kf2 Bd3 38. Ke3 Bf1 39. g3 Bh3 40. Bc4 Bg2 41. Kf2 Bh3 42. Ke3 Bd7 43. f4+ gxf4+ 44. gxf4+ Kf6 45. Bb5 Bf5 46. Bc6 Bc2 47. Bd7 Ke7 48. Bc6 Kd6 49. Kd2 Bf5 50. Bb5 Kd5 51. Bd3 Bd7 52. Bc2 Bh3 53. Ke3 Bd7 54. Bb3+ c4 55. Bc2 Bg4 56. Be4+ Kc5 57. f5 Bd1 58. f6 Kd6 59. Bd5 Bxa4 60. Bxc4 Bd1 61. Kf4 Bc2 62. Kg4 Bg6 63. Bg8 Kd7 64. Kf4 Kd6 65. Ke3 Kd7 66. Kd4 Kd6 67. Kc4 1-0